[Event "3rd Asia-ch"]
[Site "Kolkata IND"]
[Date "2001.08.09"]
[Round "1"]
[White "Sriram, Jha"]
[Black "Safin, Shukhrat"]
[Result "1/2-1/2"]
[WhiteElo "2399"]
[BlackElo "2529"]
[EventDate "2001.08.09"]
[PlyCount "110"]

1.d4 Nf6 2.c4 d6 3.Nc3 Nbd7 4.e4 e5 5.Nge2 Be7 6.Ng3 exd4 7.Qxd4 Ne5 8.Be2
Be6 9.f4 c5 10.Qd1 Nc6 11.O-O O-O 12.Be3 Qb6 13.Nd5 Bxd5 14.exd5 Nd4 15.b3
Rfe8 16.Bd3 Bf8 17.Re1 g6 18.f5 Bg7 19.Bg5 Nd7 20.Qd2 Ne5 21.Be4 a5 22.Bh6
Qd8 23.Bxg7 Kxg7 24.Rf1 Qh4 25.f6+ Kh8 26.Rf4 Qh6 27.Raf1 Ng4 28.h3 Nxf6 
29.Bb1 Ng8 30.Ne4 Rxe4 31.Bxe4 f5 32.Bb1 Re8 33.Rxd4 cxd4 34.Qxd4+ Qg7 35.
Qxg7+ Kxg7 36.Kf2 Nf6 37.Re1 Rxe1 38.Kxe1 Nd7 39.Kd2 Kf6 40.Ke3 Ke5 41.Bc2
g5 42.Bd1 Nf6 43.Bc2 h5 44.Bd1 f4+ 45.Kd3 g4 46.hxg4 hxg4 47.a3 Ne4 48.Be2
b6 49.b4 a4 50.Kc2 Nf6 51.Kd3 Ne4 52.Kc2 Nf2 53.Kc3 Ne4+ 54.Kc2 Nf6 55.Kd3
Ne4 1/2-1/2

[Event "3rd Asia-ch"]
[Site "Kolkata IND"]
[Date "2001.08.09"]
[Round "1"]
[White "Thipsay, Praveen Mahadeo"]
[Black "Kotsur, Pavel"]
[Result "1-0"]
[WhiteElo "2453"]
[BlackElo "2600"]
[EventDate "2001.08.09"]
[PlyCount "49"]

1.e4 c5 2.Nf3 e6 3.d4 cxd4 4.Nxd4 a6 5.Bd3 d6 6.O-O Bd7 7.Nc3 Nf6 8.Be3 
Nc6 9.f4 h5 10.Kh1 Qc7 11.Nf3 Be7 12.Qe1 O-O-O 13.Na4 d5 14.e5 Ng4 15.Bb6 
Qb8 16.Nc5 Bxc5 17.Bxc5 f6 18.Bd6 Qa7 19.b4 Qe3 20.a4 Qxe1 21.Raxe1 a5 22.
b5 Nb4 23.Nd4 f5 24.Be2 b6 25.c3 1-0

[Event "3rd Asia-ch"]
[Site "Kolkata IND"]
[Date "2001.08.09"]
[Round "1"]
[White "Wang Yue"]
[Black "Rahman, Syed Mahfuzur"]
[Result "1-0"]
[WhiteElo "2466"]
[BlackElo "2235"]
[EventDate "2001.08.09"]
[PlyCount "69"]

1.d4 d5 2.Nf3 Nf6 3.c4 c6 4.e3 e6 5.Nc3 Nbd7 6.Qc2 Be7 7.b3 a6 8.Bd3 c5 9.
cxd5 exd5 10.O-O Qc7 11.e4 dxe4 12.Nxe4 Nd5 13.Bb2 cxd4 14.Qxc7 Nxc7 15.
Rac1 Ne6 16.Nxd4 Nxd4 17.Bxd4 O-O 18.Rfe1 Nb8 19.Rc7 Nc6 20.Bc5 Bxc5 21.
Nxc5 Nd8 22.Be4 Rb8 23.Bd5 b6 24.Nd7 Bxd7 25.Rxd7 Rc8 26.h3 Rc2 27.a4 b5 
28.a5 h6 29.Rd6 Ne6 30.Rxa6 Nf4 31.Be4 Rb2 32.Ra1 Ne2+ 33.Kh2 Nc3 34.Ra8 
Rxa8 35.Bxa8 1-0

[Event "3rd Asia-ch"]
[Site "Kolkata IND"]
[Date "2001.08.09"]
[Round "1"]
[White "Wohl, Aleksandar"]
[Black "Ghaem Maghami, Ehsan"]
[Result "0-1"]
[WhiteElo "2371"]
[BlackElo "2509"]
[EventDate "2001.08.09"]
[PlyCount "60"]

1.d4 Nf6 2.Bf4 g6 3.Nc3 d5 4.Qd2 a6 5.O-O-O b5 6.f3 Bb7 7.g4 Nbd7 8.h4 b4 
9.Nb1 c5 10.dxc5 e5 11.Bg5 Bxc5 12.h5 Qb6 13.hxg6 fxg6 14.Nh3 h6 15.Bxf6 
Be3 16.Bxh8 Kf7 17.Bg2 Rxh8 18.f4 e4 19.f5 gxf5 20.Rdf1 Rc8 21.Rxf5+ Ke8 
22.Nf4 Bxd2+ 23.Nxd2 Qc5 24.c4 bxc3 25.Nb3 cxb2+ 26.Kxb2 Qc2+ 27.Ka1 Nc5 
28.Nxd5 Na4 29.Re5+ Kd8 30.Rb1 Nc3 0-1

[Event "3rd Asia-ch"]
[Site "Kolkata IND"]
[Date "2001.08.09"]
[Round "1"]
[White "Wu Wenjin"]
[Black "Sandipan, Chanda"]
[Result "1/2-1/2"]
[WhiteElo "2560"]
[BlackElo "2427"]
[EventDate "2001.08.09"]
[PlyCount "84"]

1.c4 e6 2.Nf3 d5 3.d4 c6 4.Nbd2 Nf6 5.g3 Nbd7 6.Bg2 Be7 7.O-O O-O 8.Qc2 b6
9.e4 dxe4 10.Nxe4 Bb7 11.Nxf6+ Nxf6 12.Rd1 Qc8 13.c5 Rd8 14.Bd2 h6 15.Rac1
Nd5 16.Ne5 Bf6 17.Qe4 Qc7 18.Re1 Bxe5 19.dxe5 bxc5 20.Rxc5 Qb6 21.b4 Ne7 
22.Qc2 Rd7 23.a3 Rad8 24.Be3 Nf5 25.Be4 Nxe3 26.Rxe3 Rd1+ 27.Kg2 R8d2 28.
Qa4 Rd4 29.Qa5 Ra1 30.Kh3 Ra2 31.f4 Rdd2 32.Rd3 Rxh2+ 33.Kg4 g6 34.Bxc6 
Qxa5 35.bxa5 Ba6 36.Bb5 Bb7 37.Rd8+ Kg7 38.Rc7 Be4 39.Rxf7+ Kxf7 40.Rd7+ 
Kf8 41.Rd8+ Ke7 42.Rd7+ Kf8 1/2-1/2

[Event "3rd Asia-ch"]
[Site "Kolkata IND"]
[Date "2001.08.09"]
[Round "1"]
[White "Xu Jun"]
[Black "Ganguly, Surya Shekhar"]
[Result "1-0"]
[WhiteElo "2646"]
[BlackElo "2464"]
[EventDate "2001.08.09"]
[PlyCount "108"]

1.d4 d5 2.c4 dxc4 3.Nf3 Nf6 4.e3 e6 5.Bxc4 c5 6.O-O a6 7.dxc5 Qxd1 8.Rxd1 
Bxc5 9.Nbd2 b6 10.Nb3 Be7 11.Be2 Bb7 12.Nfd4 O-O 13.f3 Nbd7 14.e4 a5 15.a4
Nc5 16.Be3 Rfd8 17.Nd2 e5 18.Nf5 Bf8 19.Bb5 g6 20.Ng3 Ba6 21.Bxa6 Rxa6 22.
Ne2 Ra7 23.Nc3 Rad7 24.Bg5 Be7 25.Bxf6 Bxf6 26.Nd5 Bg5 27.Nc4 Nxa4 28.Nxe5
Nxb2 29.Nxd7 Nxd1 30.f4 Ne3 31.Nxe3 Bxf4 32.Nd5 Bg5 33.N7xb6 Re8 34.Ra4 
Kg7 35.Kf2 f5 36.exf5 Rf8 37.Ne3 Bxe3+ 38.Kxe3 Rxf5 39.Nc4 Rc5 40.Nxa5 Rc2
41.Kf3 Rc3+ 42.Kf4 Rc2 43.Kg3 Rc3+ 44.Kh4 h5 45.Nc4 Kh6 46.g3 g5+ 47.Kh3 
g4+ 48.Kh4 Rc2 49.Ra6+ Kg7 50.Kxh5 Rxc4 51.Rg6+ Kh7 52.Rxg4 Rc5+ 53.Rg5 
Rc2 54.h4 Rc4 1-0

[Event "3rd Asia-ch"]
[Site "Kolkata IND"]
[Date "2001.08.09"]
[Round "1"]
[White "Yurtaev, Leonid"]
[Black "Lodhi, Mahmood"]
[Result "1/2-1/2"]
[WhiteElo "2543"]
[BlackElo "2410"]
[EventDate "2001.08.09"]
[PlyCount "116"]

1.e4 e5 2.Nf3 Nc6 3.Bb5 a6 4.Ba4 Nf6 5.Nc3 b5 6.Bb3 Bc5 7.a4 b4 8.Nd5 O-O 
9.c3 bxc3 10.bxc3 Nxe4 11.d4 exd4 12.cxd4 Bb4+ 13.Nxb4 Nxb4 14.O-O d5 15.
Ne5 a5 16.Re1 Qh4 17.Be3 Be6 18.Rc1 Ra7 19.f3 Nd6 20.Qd2 Nf5 21.Bf2 Qd8 
22.Rc3 Ne7 23.Bh4 f6 24.Nd3 Nxd3 25.Rxe6 Nb4 26.Qe2 c6 27.g4 Ng6 28.Bg3 
Re7 29.Rce3 Rfe8 30.Rxe7 Rxe7 31.Rxe7 Qxe7 32.Qxe7 Nxe7 33.Bc7 Nc8 34.Kf2 
g6 35.Bxa5 Na6 36.h4 Kf7 37.Ke3 Nd6 38.Kf4 Nc4 39.Bd8 h6 40.h5 g5+ 41.Kg3 
c5 42.dxc5 Nxc5 43.Bc2 d4 44.a5 Ke8 45.Bxf6 d3 46.Bxd3 Nxd3 47.a6 Nb6 48.
Bg7 Nb4 49.Bxh6 Nxa6 50.Bxg5 Nd5 51.Bd2 Nc5 52.g5 Kf7 53.Kg4 Nb3 54.g6+ 
Kg7 55.Bg5 Nf6+ 56.Bxf6+ Kxf6 57.Kf4 Nd4 58.Ke4 Ne2 1/2-1/2

[Event "3rd Asia-ch"]
[Site "Kolkata IND"]
[Date "2001.08.10"]
[Round "2"]
[White "Al-Rakib, Abdullah"]
[Black "Magai, Vladimir"]
[Result "1-0"]
[WhiteElo "2393"]
[BlackElo "2537"]
[EventDate "2001.08.09"]
[PlyCount "85"]

1.d4 Nf6 2.c4 g6 3.Nc3 Bg7 4.e4 d6 5.Be2 O-O 6.Bg5 Na6 7.f4 Qe8 8.Bf3 c5 
9.dxc5 Nxc5 10.Nge2 Be6 11.b3 a5 12.O-O a4 13.f5 Bd7 14.b4 Na6 15.a3 Nb8 
16.b5 Qc8 17.Rc1 Qxc4 18.Nd5 Qxb5 19.Nec3 Qa5 20.Nxe7+ Kh8 21.Ncd5 Nxd5 
22.Nxd5 Be5 23.fxg6 hxg6 24.Bg4 f5 25.Qf3 Rf7 26.Rc7 Nc6 27.exf5 Nd4 28.
Qh3+ Rh7 29.Qxh7+ Kxh7 30.Rxd7+ Bg7 31.Bf6 Qxd5 32.Rxg7+ Kh6 33.Rxg6+ Kh7 
34.Rg7+ Kh6 35.Rg6+ Kh7 36.Rd1 Rg8 37.Rxg8 Kxg8 38.Bxd4 b5 39.h3 b4 40.
axb4 a3 41.f6 a2 42.Ba1 Qb3 43.Rf1 1-0

[Event "3rd Asia-ch"]
[Site "Kolkata IND"]
[Date "2001.08.10"]
[Round "2"]
[White "Al-Sayed, Mohamad Naser"]
[Black "Kazhgaleev, Murtas"]
[Result "1/2-1/2"]
[WhiteElo "2299"]
[BlackElo "2585"]
[EventDate "2001.08.09"]
[PlyCount "100"]

1.e4 d5 2.exd5 Qxd5 3.Nc3 Qa5 4.d4 Nf6 5.Nf3 c6 6.Bc4 Bf5 7.Bd2 e6 8.Nd5 
Qd8 9.Nxf6+ Qxf6 10.Qe2 Bd6 11.Ne5 Bxc2 12.Rc1 Bg6 13.h4 h6 14.Rh3 Nd7 15.
h5 Bh7 16.Rf3 Bxe5 17.Rxf6 Bxf6 18.d5 cxd5 19.Bxd5 O-O 20.Be4 Bxe4 21.Qxe4
b6 22.b4 Rfd8 23.Rc7 Ne5 24.Bc3 Rd5 25.Kf1 Rad8 26.g3 Nd7 27.Qf3 a5 28.
bxa5 bxa5 29.Ra7 Rc8 30.Bxa5 Ne5 31.Qe2 Nc6 32.Rc7 Ra8 33.Rxc6 Rdxa5 34.
Rc2 Bd4 35.Kg2 Bf6 36.g4 Ra4 37.f3 Bg5 38.Kf1 Bf4 39.Qb5 Ra3 40.Qc6 Be5 
41.Qe4 Bf6 42.Qb7 Rd8 43.Ke2 Bg5 44.Kf2 e5 45.Ke2 Ra4 46.Qb3 Rad4 47.a4 
Rd1 48.Qb7 Ra1 49.Rc8 Ra2+ 50.Kf1 Rxa4 1/2-1/2

[Event "3rd Asia-ch"]
[Site "Kolkata IND"]
[Date "2001.08.10"]
[Round "2"]
[White "Annageldiev, Orazly"]
[Black "Xu Jun"]
[Result "0-1"]
[WhiteElo "2485"]
[BlackElo "2646"]
[EventDate "2001.08.09"]
[PlyCount "210"]

1.e4 c5 2.Nf3 d6 3.d4 cxd4 4.Nxd4 Nf6 5.Nc3 Nc6 6.Bg5 e6 7.Qd2 a6 8.O-O-O 
h6 9.Be3 Bd7 10.f3 Qc7 11.Kb1 Na5 12.g4 b5 13.g5 hxg5 14.Bxg5 b4 15.Nce2 
Nc4 16.Qd3 e5 17.Nc1 Nxb2 18.Kxb2 exd4 19.Qxd4 Be6 20.Nb3 Nd7 21.Qxb4 Nc5 
22.Qa5 Qb7 23.Ka1 Rb8 24.Be2 Rh5 25.f4 Rh3 26.Rb1 Bxb3 27.axb3 f6 28.b4 
Nd7 29.Bg4 Rh8 30.e5 dxe5 31.fxe5 fxg5 32.e6 Nf6 33.Qxg5 Rh6 34.e7 Bxe7 
35.Qxg7 Nxg4 36.Qg8+ Kd7 37.Qxg4+ Kc7 38.Rhe1 Bf6+ 39.Ka2 Qd5+ 40.Rb3 Kb7 
41.Rd1 Qc6 42.Qd7+ Qxd7 43.Rxd7+ Kc6 44.Rd2 Rh4 45.Re2 Rb6 46.Rf3 Kd5 47.
c3 Kc4 48.h3 Rc6 49.Kb2 Bg7 50.Rg2 Be5 51.Kc2 Rf6 52.Re3 Rf5 53.Rge2 Bf6 
54.Re4+ Rxe4 55.Rxe4+ Kb5 56.Re3 Ka4 57.Re6 Kb5 58.Kd3 Bd8 59.c4+ Kxb4 60.
Rxa6 Rf3+ 61.Ke4 Rxh3 62.Rc6 Be7 63.Rc8 Bc5 64.Kd5 Rh5+ 65.Ke4 Kxc4 66.Rc7
Rh1 67.Rc8 Re1+ 68.Kf3 Re6 69.Rc7 Kd4 70.Rd7+ Bd6 71.Rd8 Kd3 72.Ra8 Bc5 
73.Kf4 Bd4 74.Ra3+ Bc3 75.Kf5 Rf6+ 76.Kg5 Rf1 77.Kg4 Kd4 78.Kg3 Rf8 79.Kg2
Bd2 80.Kg3 Be3 81.Ra4+ Ke5 82.Kg4 Bd4 83.Ra5+ Ke4 84.Rb5 Bc3 85.Rc5 Be5 
86.Rc4+ Bd4 87.Ra4 Rg8+ 88.Kh3 Rg7 89.Rb4 Rg8 90.Ra4 Ke3 91.Ra3+ Kf4 92.
Ra4 Rg3+ 93.Kh2 Rd3 94.Kg2 Rd2+ 95.Kh3 Kf3 96.Kh4 Be3 97.Kh3 Rd1 98.Ra2 
Rh1+ 99.Rh2 Rg1 100.Ra2 Rg6 101.Ra4 Bc1 102.Rb4 Rg1 103.Kh2 Rd1 104.Rb3+ 
Be3 105.Ra3 Rd8 0-1

[Event "3rd Asia-ch"]
[Site "Kolkata IND"]
[Date "2001.08.10"]
[Round "2"]
[White "Antonio, Rogelio jr"]
[Black "Ghorbani, Mohsen"]
[Result "1-0"]
[WhiteElo "2535"]
[BlackElo "2334"]
[EventDate "2001.08.09"]
[PlyCount "59"]

1.e4 c5 2.f4 Nc6 3.Nf3 g6 4.Bb5 Bg7 5.Bxc6 bxc6 6.d3 d6 7.O-O Nh6 8.Qe1 f5
9.e5 O-O 10.Bd2 Qc7 11.Ba5 Qb8 12.Bc3 Nf7 13.Nbd2 Qc7 14.Kh1 Nd8 15.Qh4 
Ne6 16.exd6 exd6 17.Bxg7 Qxg7 18.b3 Ba6 19.Rae1 Rae8 20.Re2 Nc7 21.Rfe1 
Rxe2 22.Rxe2 Nd5 23.h3 Qd7 24.Ng5 Nf6 25.Re6 Bb5 26.Rxf6 Rxf6 27.Nxh7 Re6 
28.Nf6+ Rxf6 29.Qxf6 Qe8 30.Nf3 1-0

[Event "3rd Asia-ch"]
[Site "Kolkata IND"]
[Date "2001.08.10"]
[Round "2"]
[White "Barsov, Alexei"]
[Black "Bin Sattar, Reefat"]
[Result "1/2-1/2"]
[WhiteElo "2495"]
[BlackElo "2444"]
[EventDate "2001.08.09"]
[PlyCount "46"]

1.d4 d5 2.c4 e6 3.Nc3 c6 4.e3 Nf6 5.Nf3 Nbd7 6.Qc2 Bd6 7.g4 dxc4 8.Bxc4 b6
9.e4 Bb7 10.e5 c5 11.exf6 Bxf3 12.fxg7 Rg8 13.Qxh7 Nf6 14.Bb5+ Ke7 15.Bg5 
cxd4 16.Bxf6+ Kxf6 17.Ne4+ Bxe4 18.Qxe4 Qc7 19.Kf1 Rad8 20.h4 Kxg7 21.Rd1 
Be5 22.Rh3 Qc5 23.Bd3 Qd5 1/2-1/2

[Event "3rd Asia-ch"]
[Site "Kolkata IND"]
[Date "2001.08.10"]
[Round "2"]
[White "Barua, Dibyendu"]
[Black "Thipsay, Praveen Mahadeo"]
[Result "0-1"]
[WhiteElo "2499"]
[BlackElo "2453"]
[EventDate "2001.08.09"]
[PlyCount "90"]

1.e4 c5 2.Nf3 e6 3.d4 cxd4 4.Nxd4 Nc6 5.Nc3 Nf6 6.Ndb5 Bb4 7.a3 Bxc3+ 8.
Nxc3 d5 9.exd5 exd5 10.Bd3 O-O 11.O-O d4 12.Ne2 Bg4 13.Bg5 Qd6 14.Qd2 Bxe2
15.Qxe2 Rae8 16.Qd2 Ne4 17.Bxe4 Rxe4 18.Rae1 Rfe8 19.Rxe4 Rxe4 20.Re1 Qe5 
21.Rxe4 Qxe4 22.Bf4 h6 23.f3 Qe6 24.h4 Qa2 25.b4 Qxa3 26.b5 Qa1+ 27.Kh2 
Nd8 28.Be5 Ne6 29.Qb4 Qd1 30.Qe7 Qe2 31.Bg3 Qxb5 32.Bf2 Qf5 33.Qxb7 Qxc2 
34.Bg3 Qc5 35.Qa8+ Kh7 36.Qb7 f5 37.Qf7 Qd5 38.Qxa7 d3 39.Qa4 d2 40.Qd1 
Qd4 41.h5 Nc5 42.Kh3 Na4 43.Be1 dxe1=Q 44.Qxd4 Nc3 45.Qd6 Qh1+ 0-1

[Event "3rd Asia-ch"]
[Site "Kolkata IND"]
[Date "2001.08.10"]
[Round "2"]
[White "Djao Thien Hai"]
[Black "Ravi, Lanka"]
[Result "1-0"]
[WhiteElo "2572"]
[BlackElo "2389"]
[EventDate "2001.08.09"]
[PlyCount "147"]

1.d4 d5 2.c4 c6 3.Nf3 Nf6 4.Nc3 dxc4 5.a4 Bf5 6.Ne5 Nbd7 7.Nxc4 Nd5 8.f3 
e5 9.e4 Nxc3 10.bxc3 Be6 11.Rb1 exd4 12.cxd4 Nb6 13.Nxb6 axb6 14.Be3 Bd6 
15.d5 cxd5 16.Bb5+ Kf8 17.exd5 Bxd5 18.O-O h5 19.Rb2 Qe7 20.Re2 Be6 21.
Bxb6 h4 22.Qd4 Rh5 23.Rc1 Rd5 24.Qf2 Qg5 25.Be3 Bf4 26.Bxf4 Qxf4 27.Rce1 
h3 28.g3 Qc7 29.g4 Rad8 30.Qh4 Qc3 31.Qxh3 Rd1 32.Qh8+ Ke7 33.Qh4+ Kf8 34.
Kg2 R8d2 35.Qf2 Kg8 36.Rxd2 Rxd2 37.Re2 Rd4 38.Qe3 Qc5 39.Kg3 Qd6+ 40.Qe5 
Qd8 41.h3 Rd5 42.Qe4 Qc7+ 43.Qf4 Qb6 44.Kg2 Rd1 45.Qe3 Qd6 46.Rb2 Rd4 47.
Re2 Bd5 48.Qe8+ Kh7 49.Qe7 Qxe7 50.Rxe7 Rf4 51.Re3 Rb4 52.Kg3 Kg6 53.h4 
Kh6 54.Rd3 Bb3 55.Rd7 f6 56.Bd3 Bxa4 57.g5+ fxg5 58.Rd6+ Kh5 59.Bg6+ Kh6 
60.Bf5+ g6 61.Rxg6+ Kh5 62.Rxg5+ Kh6 63.Rg6+ Kh5 64.Rg4 Rxg4+ 65.fxg4+ Kh6
66.g5+ Kh5 67.Bg4+ Kg6 68.Kf4 Bc2 69.h5+ Kg7 70.Bf5 Bb3 71.h6+ Kf7 72.Ke5 
b5 73.g6+ Kf8 74.Kf6 1-0

[Event "3rd Asia-ch"]
[Site "Kolkata IND"]
[Date "2001.08.10"]
[Round "2"]
[White "Egin, Vladimir"]
[Black "Sadvakasov, Darmen"]
[Result "0-1"]
[WhiteElo "2451"]
[BlackElo "2568"]
[EventDate "2001.08.09"]
[PlyCount "70"]

1.e4 c5 2.Nf3 e6 3.c3 Nf6 4.e5 Nd5 5.Bc4 b6 6.Bxd5 exd5 7.d4 Na6 8.O-O Nc7
9.Bg5 Be7 10.Bxe7 Qxe7 11.Na3 O-O 12.Nc2 d6 13.Ne3 dxe5 14.Nxe5 Qd6 15.Re1
f6 16.Nf3 Be6 17.Qc2 Qf4 18.Rad1 Rad8 19.Qa4 a5 20.Qc6 Qd6 21.Qxd6 Rxd6 
22.dxc5 bxc5 23.Rd2 Rfd8 24.Red1 Rb8 25.Ne1 d4 26.cxd4 cxd4 27.b3 Nb5 28.
Kf1 a4 29.Nc4 Rc6 30.Rc1 Rbc8 31.Rdc2 Nc3 32.Nf3 Nxa2 33.Nxd4 Nxc1 34.Nxc6
Rxc6 35.Rxc1 axb3 0-1

[Event "3rd Asia-ch"]
[Site "Kolkata IND"]
[Date "2001.08.10"]
[Round "2"]
[White "Ganguly, Surya Shekhar"]
[Black "Dableo, Ronald"]
[Result "1-0"]
[WhiteElo "2464"]
[BlackElo "2310"]
[EventDate "2001.08.09"]
[PlyCount "79"]

1.e4 c6 2.d4 d5 3.Nd2 dxe4 4.Nxe4 Nd7 5.Ng5 Ndf6 6.Bd3 Bf5 7.Ne2 e6 8.O-O 
Bxd3 9.Qxd3 Bd6 10.Ng3 Qc7 11.c4 h6 12.Nf3 Ne7 13.Ne4 Nxe4 14.Qxe4 c5 15.
b4 Qc6 16.Qxc6+ Nxc6 17.bxc5 Be7 18.Rb1 O-O-O 19.Be3 Rd7 20.Rb5 Rhd8 21.
Rfb1 g5 22.g4 Bf6 23.h4 gxh4 24.Kh2 Rc7 25.Bf4 Rcd7 26.d5 exd5 27.cxd5 
Rxd5 28.Rxb7 Ne5 29.Nxe5 Bxe5 30.Bxe5 Rxe5 31.Rxa7 Rd7 32.Rb8+ Kxb8 33.
Rxd7 f5 34.f4 Rxc5 35.g5 hxg5 36.fxg5 Kc8 37.Rf7 Kd8 38.g6 Ke8 39.Rf6 Ke7 
40.g7 1-0

[Event "3rd Asia-ch"]
[Site "Kolkata IND"]
[Date "2001.08.10"]
[Round "2"]
[White "Garma, Chito"]
[Black "Harikrishna, Pentala"]
[Result "1/2-1/2"]
[WhiteElo "2409"]
[BlackElo "2522"]
[EventDate "2001.08.09"]
[PlyCount "136"]

1.e4 c5 2.c3 Nf6 3.e5 Nd5 4.d4 cxd4 5.Bc4 Nb6 6.Bb3 Nc6 7.Nf3 d6 8.exd6 
Qxd6 9.cxd4 Be6 10.O-O Bxb3 11.Qxb3 e6 12.Nc3 Be7 13.Rd1 Rd8 14.g3 Qb4 15.
Qc2 O-O 16.a3 Qa5 17.Bf4 Qh5 18.Qe4 Nd5 19.Rac1 Qg6 20.Qxg6 hxg6 21.Ne2 
Bf6 22.Be5 Be7 23.h4 Rd7 24.Kg2 Rfd8 25.g4 f6 26.Bg3 Kf7 27.Re1 Bd6 28.
Bxd6 Rxd6 29.Kg3 Nc7 30.Nc3 Na6 31.Ne4 Rd5 32.b4 Nxd4 33.Nxd4 Rxd4 34.b5 
Nb8 35.Nc5 e5 36.Nxb7 R8d7 37.Nc5 R7d5 38.Ne4 Rxb5 39.Rc7+ Nd7 40.Rxa7 Ke7
41.f3 Rd3 42.Rc1 f5 43.gxf5 gxf5 44.Nc5 Rd5 45.Nxd7 Rxd7 46.Rcc7 Rxc7 47.
Rxc7+ Kf6 48.Rc6+ Kf7 49.Rc3 Rb2 50.Rc7+ Kg6 51.Rc6+ Kh5 52.Re6 Re2 53.Re8
Kg6 54.Re6+ Kf7 55.Ra6 g6 56.Ra7+ Kf6 57.Ra6+ Kg7 58.Ra7+ Kh6 59.Re7 Re3 
60.Kf2 f4 61.a4 g5 62.hxg5+ Kxg5 63.a5 Kf6 64.Re8 Ra3 65.Ra8 Ra2+ 66.Ke1 
e4 67.Rf8+ Kg5 68.Rg8+ Kf5 1/2-1/2

[Event "3rd Asia-ch"]
[Site "Kolkata IND"]
[Date "2001.08.10"]
[Round "2"]
[White "Ghaem Maghami, Ehsan"]
[Black "Wang Yue"]
[Result "1-0"]
[WhiteElo "2509"]
[BlackElo "2466"]
[EventDate "2001.08.09"]
[PlyCount "111"]

1.c4 e6 2.Nf3 d5 3.g3 c6 4.Qc2 f5 5.Bg2 Nf6 6.O-O Bd6 7.d3 O-O 8.Nc3 Bc7 
9.b4 d4 10.Na4 e5 11.Bb2 Nbd7 12.Rae1 a5 13.b5 c5 14.e3 e4 15.dxe4 fxe4 
16.Ng5 d3 17.Qd1 Qe7 18.Nc3 Nb6 19.Ngxe4 Nxe4 20.Bxe4 d2 21.Qxd2 Nxc4 22.
Qc2 Nxb2 23.Nd5 Qf7 24.Nxc7 Qxc7 25.Rb1 Qe5 26.Rxb2 Bf5 27.Bxf5 Rxf5 28.
Qc4+ Kh8 29.Rd2 Raf8 30.Rfd1 b6 31.Rd5 Qe6 32.Rxc5 Qxc4 33.Rxc4 Rxb5 34.
Rc2 h5 35.Rd7 Rff5 36.Kg2 Rfc5 37.Rcd2 a4 38.Ra7 Ra5 39.Rxa5 Rxa5 40.Rd4 
a3 41.Rb4 b5 42.Kf3 Kh7 43.Ke4 g5 44.Kf5 Kh6 45.f4 gxf4 46.gxf4 Ra6 47.
Rxb5 Rc6 48.Rb3 Rc2 49.Rxa3 Rxh2 50.e4 h4 51.Kg4 Kg6 52.Rh3 Rg2+ 53.Kf3 
Rxa2 54.Rxh4 Ra3+ 55.Kg4 Re3 56.f5+ 1-0

[Event "3rd Asia-ch"]
[Site "Kolkata IND"]
[Date "2001.08.10"]
[Round "2"]
[White "Hossain, Enamul"]
[Black "Nguyen Anh Dung"]
[Result "1/2-1/2"]
[WhiteElo "2353"]
[BlackElo "2533"]
[EventDate "2001.08.09"]
[PlyCount "51"]

1.e4 e5 2.Nf3 Nc6 3.Bb5 a6 4.Bxc6 dxc6 5.O-O Ne7 6.Nxe5 Qd4 7.Qh5 g6 8.Qg5
Bg7 9.Nd3 b6 10.Nc3 Bb7 11.b3 Qd7 12.Bb2 h6 13.Qg3 O-O-O 14.Na4 Bxb2 15.
Naxb2 c5 16.Rae1 Nc6 17.c3 h5 18.h4 Kb8 19.Ne5 Nxe5 20.Qxe5 Rhe8 21.Qg3 
Bxe4 22.d3 Bf5 23.Re3 Re6 24.Rfe1 Rde8 25.Qf4 Kb7 26.Qf3+ 1/2-1/2

[Event "3rd Asia-ch"]
[Site "Kolkata IND"]
[Date "2001.08.10"]
[Round "2"]
[White "Konguvel, Ponnuswamy"]
[Black "Kostenko, Petr"]
[Result "0-1"]
[WhiteElo "2371"]
[BlackElo "2494"]
[EventDate "2001.08.09"]
[PlyCount "52"]

1.e4 c5 2.Nf3 e6 3.d4 cxd4 4.Nxd4 a6 5.Bd3 Nf6 6.O-O d6 7.c4 Bd7 8.Nc3 Nc6
9.Nxc6 Bxc6 10.f4 Be7 11.b3 O-O 12.Bb2 b5 13.cxb5 axb5 14.Qf3 Qb6+ 15.Kh1 
Qb7 16.Rae1 b4 17.Na4 Rfd8 18.Qg3 Ra5 19.Re3 g6 20.Rfe1 d5 21.exd5 Raxd5 
22.Bxg6 hxg6 23.Rxe6 Rd2 24.R6e2 Rxe2 25.Rxe2 Rd1+ 26.Re1 Rd2 0-1

[Event "3rd Asia-ch"]
[Site "Kolkata IND"]
[Date "2001.08.10"]
[Round "2"]
[White "Kotsur, Pavel"]
[Black "Rahman, Taibur"]
[Result "1-0"]
[WhiteElo "2600"]
[BlackElo "2246"]
[EventDate "2001.08.09"]
[PlyCount "95"]

1.c4 e6 2.g3 d5 3.Bg2 Nf6 4.Nf3 Be7 5.O-O O-O 6.d4 dxc4 7.Qc2 a6 8.a4 Bd7 
9.Qxc4 Bc6 10.Bg5 Bd5 11.Qc2 Be4 12.Qc1 Nbd7 13.Nc3 Bc6 14.Qc2 Bxf3 15.
Bxf3 c6 16.a5 Nd5 17.Bd2 Bf6 18.e4 Nc7 19.Be3 Bg5 20.Bxg5 Qxg5 21.Bg2 Rad8
22.Rfd1 Nf6 23.Qb3 Nb5 24.e5 Nd5 25.Bxd5 exd5 26.Nxb5 axb5 27.a6 bxa6 28.
Rxa6 Rc8 29.Qc3 Qg4 30.Rd2 Qe4 31.Rd1 Qe2 32.Qd2 Qxd2 33.Rxd2 Rc7 34.f4 
Rfc8 35.Kf2 Kf8 36.b4 Ke7 37.Kf3 Ke6 38.g4 g6 39.h4 Rg8 40.Rc2 Kd7 41.Rc1 
Rgc8 42.Rh1 Ke6 43.h5 Rf8 44.hxg6 hxg6 45.Rh6 Ke7 46.f5 gxf5 47.gxf5 Kd7 
48.Rd6+ 1-0

[Event "3rd Asia-ch"]
[Site "Kolkata IND"]
[Date "2001.08.10"]
[Round "2"]
[White "Kunte, Abhijit"]
[Black "Hoang Thanh Trang"]
[Result "1-0"]
[WhiteElo "2547"]
[BlackElo "2445"]
[EventDate "2001.08.09"]
[PlyCount "75"]

1.e4 e6 2.Qe2 c5 3.Nf3 Nc6 4.g3 g6 5.Bg2 Bg7 6.c3 Nge7 7.h4 h5 8.O-O d5 9.
d3 O-O 10.Bg5 Qc7 11.Na3 b6 12.Rfe1 Ba6 13.e5 b5 14.d4 cxd4 15.cxd4 Nf5 
16.Nc2 Rac8 17.Rac1 Qb6 18.Qd2 b4 19.b3 Qb5 20.Bf1 Qa5 21.Ne3 Nxe3 22.fxe3
Rc7 23.Rc5 Qb6 24.Bxa6 Qxa6 25.Bf6 Bh6 26.g4 Rfc8 27.Rec1 Qb6 28.Ng5 hxg4 
29.Qc2 Bf8 30.h5 Nxd4 31.exd4 Bxc5 32.h6 Kf8 33.h7 Ke8 34.h8=Q+ Bf8 35.Nh7
Qxd4+ 36.Kh1 Rxc2 37.Qxf8+ Kd7 38.Qd6+ 1-0

[Event "3rd Asia-ch"]
[Site "Kolkata IND"]
[Date "2001.08.10"]
[Round "2"]
[White "Li Wenliang"]
[Black "Hakki, Imad"]
[Result "1-0"]
[WhiteElo "2494"]
[BlackElo "2428"]
[EventDate "2001.08.09"]
[PlyCount "59"]

1.d4 Nf6 2.c4 e6 3.Nc3 Bb4 4.e3 c5 5.Bd3 Nc6 6.Nf3 d5 7.O-O O-O 8.a3 Bxc3 
9.bxc3 Qc7 10.cxd5 exd5 11.a4 Re8 12.Ba3 c4 13.Bc2 Bg4 14.Qe1 Qd7 15.Nh4 
g5 16.f3 Be6 17.g4 h5 18.Nf5 Kh8 19.Qe2 Qc7 20.Nd6 hxg4 21.Nxe8 Rxe8 22.
fxg4 Nxg4 23.Bb1 Nh6 24.Rf6 Ng8 25.Qf1 Qd7 26.Qf2 g4 27.Bc2 Nxf6 28.Qxf6+ 
Kg8 29.Qg5+ Kh8 30.Qh6+ 1-0

[Event "3rd Asia-ch"]
[Site "Kolkata IND"]
[Date "2001.08.10"]
[Round "2"]
[White "Liu, Dede"]
[Black "Rahman, Syed Mahfuzur"]
[Result "1-0"]
[WhiteElo "2402"]
[BlackElo "2235"]
[EventDate "2001.08.09"]
[PlyCount "73"]

1.e4 c5 2.Nf3 Nc6 3.Nc3 Nf6 4.d4 cxd4 5.Nxd4 e5 6.Ndb5 d6 7.Bg5 a6 8.Na3 
b5 9.Bxf6 gxf6 10.Nd5 f5 11.Bd3 Be6 12.c3 Bg7 13.Nc2 O-O 14.O-O fxe4 15.
Bxe4 f5 16.Nf6+ Rxf6 17.Bxc6 Rc8 18.Bd5 Qd7 19.Nb4 a5 20.Bxe6+ Qxe6 21.Nd5
Rf7 22.Qd2 Bh6 23.f4 Rc4 24.Rae1 Rg7 25.g3 Rc5 26.Rd1 Rd7 27.a3 Rd8 28.Qd3
e4 29.Qd2 Bg7 30.g4 fxg4 31.f5 Qh6 32.Rf4 Qh3 33.f6 Bh6 34.Qd4 Kf8 35.f7 
Bxf4 36.Qh8+ Kxf7 37.Qf6+ 1-0

[Event "3rd Asia-ch"]
[Site "Kolkata IND"]
[Date "2001.08.10"]
[Round "2"]
[White "Lodhi, Mahmood"]
[Black "Wu Wenjin"]
[Result "1/2-1/2"]
[WhiteElo "2410"]
[BlackElo "2560"]
[EventDate "2001.08.09"]
[PlyCount "88"]

1.d4 Nf6 2.c4 g6 3.Nc3 d5 4.cxd5 Nxd5 5.g3 Bg7 6.Bg2 Nb6 7.Nf3 O-O 8.O-O 
Nc6 9.d5 Na5 10.Qc2 c6 11.dxc6 Nxc6 12.Rd1 Bf5 13.e4 Bd7 14.Be3 Nc4 15.Bf4
Qc8 16.Qe2 e5 17.Bg5 h6 18.Bxh6 Bxh6 19.Qxc4 Bg4 20.Nd5 Kg7 21.Rd3 f6 22.
Rad1 Rf7 23.Rc3 Qe6 24.b4 Rh8 25.b5 Ne7 26.Nc7 Qxc4 27.Rxc4 Rc8 28.h3 Ng8 
29.Ne8+ Kh7 30.Rxc8 Bxc8 31.a4 Be6 32.a5 Bf8 33.a6 b6 34.Bf1 Bc5 35.Rd2 
Kh6 36.Nd6 Rd7 37.Nb7 Be7 38.Rxd7 Bxd7 39.Nh2 Kg7 40.Ng4 Bxg4 41.hxg4 Nh6 
42.f3 Nf7 43.Bc4 Nd6 44.Nxd6 Bxd6 1/2-1/2

[Event "3rd Asia-ch"]
[Site "Kolkata IND"]
[Date "2001.08.10"]
[Round "2"]
[White "Mahjoob, Morteza"]
[Black "Al-Modiahki, Mohamad"]
[Result "1/2-1/2"]
[WhiteElo "2335"]
[BlackElo "2492"]
[EventDate "2001.08.09"]
[PlyCount "75"]

1.e4 c5 2.Nf3 e6 3.d4 cxd4 4.Nxd4 Nc6 5.Nc3 Qc7 6.Be3 a6 7.Bd3 Nf6 8.O-O 
b5 9.Nxc6 Qxc6 10.a3 Bb7 11.Re1 Rc8 12.Qf3 Qc7 13.Bf4 Bd6 14.Bxd6 Qxd6 15.
e5 Bxf3 16.exd6 Bb7 17.a4 b4 18.Na2 Rc6 19.Nxb4 Rxd6 20.a5 Ke7 21.Red1 Rb8
22.c3 Nd5 23.Bf1 Nxb4 24.Rxd6 Kxd6 25.cxb4 Bc6 26.Rd1+ Kc7 27.Rd4 Bb5 28.
h4 d5 29.h5 Kd6 30.f4 Bxf1 31.Kxf1 Rc8 32.b5 Kc5 33.Rd3 Kb4 34.b6 Kxa5 35.
b7 Rb8 36.Rb3 Ka4 37.Rb6 Ka5 38.Rb3 1/2-1/2

[Event "3rd Asia-ch"]
[Site "Kolkata IND"]
[Date "2001.08.10"]
[Round "2"]
[White "Mallahi, Amir"]
[Black "Abu Sufian, Shakil"]
[Result "1-0"]
[WhiteElo "2416"]
[BlackElo "2276"]
[EventDate "2001.08.09"]
[PlyCount "52"]

1.e4 c5 2.Ne2 d6 3.d4 cxd4 4.Nxd4 Nf6 5.Nc3 g6 6.f4 Nbd7 7.Nf3 Bg7 8.e5 
dxe5 9.fxe5 Ng8 10.Bf4 Qa5 11.Qd5 Qb4 12.Bc4 e6 13.Qb5 Qe7 14.Ne4 a6 15.
Qa4 Kf8 16.Bg5 f6 17.exf6 Ngxf6 18.O-O Nc5 19.Nxc5 Qxc5+ 20.Kh1 b5 21.Qa5 
Bd7 22.Rae1 Ng4 23.Ne5+ Nf2+ 24.Rxf2+ Qxf2 25.Nxd7+ Ke8 26.Rxe6+ Kxd7 1-0